| 000 | 00638nam a2200157Ia 4500 | ||
|---|---|---|---|
| 003 | Ost | ||
| 005 | 20260507075659.0 | ||
| 008 | 260507s9999||||xx |||||||||||||| ||und|| | ||
| 040 | _cfsecg | ||
| 041 | _aara | ||
| 100 |
_aأبو المكارم، وصفي عبد الفتاح _eمؤلف |
||
| 245 | 0 |
_aاستخدام بطاقة الاداء المتوازن في قياس اداء المصاريف التجارية-منظور متعدد الابعاد- / _c وصفي عبد الفتاح أبو المكارم |
|
| 260 |
_aعمان: _bدار الايام, _c2015 |
||
| 300 |
_a224 صفحة؛ _bإيضاحات ؛ _c25 سم |
||
| 942 | _cكتاب | ||
| 999 |
_c45778 _d45778 |
||